Catholic University of Zimbabwe Library
Online Public Access Catalogue
(OPAC)

Migrants and Migration in Modern North America (Record no. 25218)

MARC details
000 -LEADER
fixed length control field 02368nam a22003617a 4500
001 - CONTROL NUMBER
control field 100982
003 - CONTROL NUMBER IDENTIFIER
control field KnowledgeUnlatched
005 - DATE AND TIME OF LATEST TRANSACTION
control field 20210303105137.0
006 - FIXED-LENGTH DATA ELEMENTS--ADDITIONAL MATERIAL CHARACTERISTICS
fixed length control field m o d
007 - PHYSICAL DESCRIPTION FIXED FIELD--GENERAL INFORMATION
fixed length control field cr u||||||||||
008 - FIXED-LENGTH DATA ELEMENTS--GENERAL INFORMATION
fixed length control field 210129p20112019ncu o u00| u eng d
037 ## - SOURCE OF ACQUISITION
Institution to which field applies BiblioBoard
020 ## - INTERNATIONAL STANDARD BOOK NUMBER
International Standard Book Number 9780822394419
029 1# - OTHER SYSTEM CONTROL NUMBER (OCLC)
OCLC library identifier https://library.biblioboard.com/ext/api/media/ff72dbb3-2903-49e6-b3b9-272790d74c03/assets/thumbnail.jpg
040 ## - CATALOGING SOURCE
Original cataloging agency ScCtBLL
Transcribing agency ScCtBLL
245 00 - TITLE STATEMENT
Title Migrants and Migration in Modern North America
Remainder of title Cross-Border Lives, Labor Markets, and Politics /
Statement of responsibility, etc. Nora Faires, Dirk Hoerder.
264 #1 - PRODUCTION, PUBLICATION, DISTRIBUTION, MANUFACTURE, AND COPYRIGHT NOTICE
Name of producer, publisher, distributor, manufacturer Duke University Press,
300 ## - PHYSICAL DESCRIPTION
Extent 1 online resource (459 p.)
506 0# - RESTRICTIONS ON ACCESS NOTE
Terms governing access Access copy available to the general public.
Standardized terminology for access restriction Unrestricted
Source of term star
520 ## - SUMMARY, ETC.
Summary, etc. Presenting an unprecedented, integrated view of migration in North America, this interdisciplinary collection of essays illuminates the movements of people within and between Canada, the Caribbean, Mexico, and the United States over the past two centuries. Several essays discuss recent migrations from Central America as well. In the introduction, Dirk Hoerder provides a sweeping historical overview of North American societies in the Atlantic world. He also develops and advocates what he and Nora Faires call “transcultural societal studies,â€_x009d_ an interdisciplinary approach to migration studies that combines migration research across disciplines and at the local, regional, national, and transnational levels. The contributors examine the movements of diverse populations across North America in relation to changing cultural, political, and economic patterns.
588 0# - SOURCE OF DESCRIPTION NOTE
Source of description note Description based on print version record.
590 ## - LOCAL NOTE (RLIN)
Local note KU Select 2017: Backlist Collection
650 #7 - SUBJECT ADDED ENTRY--TOPICAL TERM
Topical term or geographic name entry element History / North America
Source of heading or term bisacsh
650 #0 - SUBJECT ADDED ENTRY--TOPICAL TERM
Topical term or geographic name entry element History
655 #0 - INDEX TERM--GENRE/FORM
Genre/form data or focus term Electronic books.
700 1# - ADDED ENTRY--PERSONAL NAME
Personal name Faires, Nora
Relator term editor.
700 1# - ADDED ENTRY--PERSONAL NAME
Personal name Hoerder, Dirk
Relator term editor.
758 ## -
-- Is found in:
-- Knowledge Unlatched
-- https://openresearchlibrary.org/module/2774bc74-146a-484f-a7ba-ab1d6a09bbfb
856 40 - ELECTRONIC LOCATION AND ACCESS
Uniform Resource Identifier <a href="https://openresearchlibrary.org/content/ff72dbb3-2903-49e6-b3b9-272790d74c03">https://openresearchlibrary.org/content/ff72dbb3-2903-49e6-b3b9-272790d74c03</a>
Public note View this content on Open Research Library.
-- 0
Holdings
Withdrawn status Lost status Source of classification or shelving scheme Damaged status Not for loan Home library Current library Shelving location Date acquired Total Checkouts Full call number Date last seen Uniform Resource Identifier Price effective from Koha item type
          Digital Library Digital Library Online Access 27.01.2021   JV6351 .M547 2011 27.01.2021 https://muse.jhu.edu/book/64097/ 27.01.2021 eBook
          Digital Library Digital Library Online Access 03.03.2021     03.03.2021 https://openresearchlibrary.org/content/ff72dbb3-2903-49e6-b3b9-272790d74c03 03.03.2021 eBook

OPENING HOURS

Weekdays: 0815hrs - 1800hrs
Weekends:0900hrs - 1200hrs

Closed for Mass:

Mon, Thur: 1200hrs - 1300hrs
Sunday & Public Holiday’s

CALL SUPPORT

0242-570570, 0242-570169
09200664, +263 8644140602

LOCATION

18443, Cranborne Avenue, Hatfield, Harare

Other Links


©2021 | CUZ Library